La evolución del autoconcepto académico en adolescentes (Record no. 182377)
[ view plain ]
| 000 -CABECERA | |
|---|---|
| campo de control de longitud fija | 01926nab a2200265 a 4500 |
| 005 - FECHA Y HORA DE LA ÚLTIMA TRANSACCIÓN | |
| campo de control | 20210223132916.0 |
| 008 - ELEMENTOS DE LONGITUD FIJA--INFORMACIÓN GENERAL | |
| campo de control de longitud fija | 991125s1985 mx 000 0 spa u |
| 035 ## - NÚMERO DE CONTROL DEL SISTEMA | |
| Número de control de sistema | UPN01000210276 |
| 049 ## - COLECCIÓN | |
| Colección | ART |
| 100 1# - ASIENTO PRINCIPAL--NOMBRE PERSONAL | |
| Nombre de persona | Ibarra Aguirre, Enrique |
| 9 (RLIN) | 41947 |
| 100 1# - ASIENTO PRINCIPAL--NOMBRE PERSONAL | |
| Filiación | enriqueibarra@uas.edu.mx |
| 100 1# - ASIENTO PRINCIPAL--NOMBRE PERSONAL | |
| Nombre de persona | Jacobo García, Héctor Manuel |
| 9 (RLIN) | 33910 |
| 100 1# - ASIENTO PRINCIPAL--NOMBRE PERSONAL | |
| Filiación | hmjacobo@uas.edu.mx |
| 222 #0 - TÍTULO CLAVE | |
| Título clave | REVISTA MEXICANA DE INVESTIGACION EDUCATIVA |
| 245 03 - MENCIÓN DE TÍTULO | |
| Título | La evolución del autoconcepto académico en adolescentes |
| 300 ## - DESCRIPCIÓN FÍSICA | |
| Extensión | 45-69 |
| 362 0# - FECHAS DE PUBLICACIÓN Y/O DESIGNACIÓN SECUENCIAL | |
| Fecha de publicación y/o designación secuencial | 2016 Volumen 21, número 68, enero-marzo |
| 520 3# - NOTA DE RESUMEN, ETC. | |
| Sumario, etc. | Este trabajo presenta un estudio transversal con perfil metodológico predominantemente cualitativo que describe la evolución del autoconcepto académico durante la adolescencia. La muestra se integró con 150 jóvenes de diferentes centros escolares de Sinaloa, 50 por grupo de edad (12, 15 y 18 años), en partes iguales entre hombres y mujeres. Se administraron tres instrumentos: a) entrevista clínico-crítica piagetiana, b) cuestionario de Autoconcepto Forma 5 y c) perfi l de autopercepciones. Los resultados revelan que el cambio experimentado por el autoconcepto académico es de naturaleza flexible durante la adolescencia, decrece a los 15 años de edad y, como en otros estudios, no se encontraron diferencias por condición de género. A pesar de su carácter provisional, los resultados pueden servir en el diseño de estrategias que contribuyan a configurar el autoconcepto de los adolescentes, que mejoren su desempeño como estudiantes y estimulen su desarrollo personal |
| 653 0# - TERMINO DE INDIZACION - NO CONTROLADO | |
| Término no controlado | AUTOCONCEPTO |
| 653 0# - TERMINO DE INDIZACION - NO CONTROLADO | |
| Término no controlado | ADOLESCENTES |
| 653 0# - TERMINO DE INDIZACION - NO CONTROLADO | |
| Término no controlado | SINALOA, MEXICO |
| 856 4# - LOCALIZACIÓN Y ACCESO ELECTRÓNICOS | |
| Identificador Uniforme del Recurso | <a href="http://www.redalyc.org/articulo.oa?id=14043472003">http://www.redalyc.org/articulo.oa?id=14043472003</a> |
| 856 4# - LOCALIZACIÓN Y ACCESO ELECTRÓNICOS | |
| Identificador Uniforme del Recurso | <a href="http://www.comie.org.mx/v1/revista/visualizador.php?articulo=ART68002&criterio=http://www.comie.org.mx/documentos/rmie/v21/n068/pdf/68002.pdf">http://www.comie.org.mx/v1/revista/visualizador.php?articulo=ART68002&criterio=http://www.comie.org.mx/documentos/rmie/v21/n068/pdf/68002.pdf</a> |
| 905 ## - TIPO DE MATERIAL | |
| Tipo de material | Articulo |
No items available.
